La sexualidad como elemento trascendente del hombre

Salvato in:
Dettagli Bibliografici
Autori principali: Paredes Soto, Myriam (autora), Villegas Arias, Aurora (Autore)
Natura: Libro
Lingua:spagnolo
Pubblicazione: Santiago CPEIP 1992
Edizione:3a. ed
Serie:Codigo: 420
Soggetti:
Tags: Aggiungi Tag
Nessun Tag, puoi essere il primo ad aggiungerne!!

MARC

LEADER 00000nam a2200000 a 4500
001 UCQ1047
003 CL-VaPUC
008 980703e19920000CL |||||||||||||||||spa|d
082 0 4 |a 612.6  |b PAR  |2 21 
100 |a Paredes Soto, Myriam  |e autora  |9 415402 
700 0 |a Villegas Arias, Aurora  |e author  |9 414556 
245 1 3 |a La sexualidad como elemento trascendente del hombre 
250 |a 3a. ed 
300 |a 170 p 
942 |c BK 
945 |d 19980703 00:00:00  |a mvenant 
260 |a Santiago  |b CPEIP  |c 1992 
650 0 |a Educación sexual  |9 308005 
650 0 |a Formación profesional de profesores  |9 307493 
650 0 |a Amor  |9 257817 
650 0 |a Sexo  |9 257818 
650 7 |a MATRIMONIO  |2 CL-VaPUC  |9 414557 
583 |a last modification  |c 19980703 00:00:00  |k Rodrigo Vera 
490 0 |a Codigo: 420 
999 |c 272055  |d 272053 
952 |0 0  |1 0  |4 0  |6 612_600000000000000_PAR_1992  |7 0  |8 A  |9 306895  |a BIBEDU  |b BIBEDU  |d 2019-11-20  |i 3441318  |o 612.6 PAR 1992  |p 3441318  |r 2019-11-20  |w 2019-11-20  |y BK  |k EPE